Povodne 2013 na strednom a východnom Slovensku
Analýza hydrometeorologických príčin vzniku a vývoja povodňových situácií v prvom polroku 2013 na strednom a východnom Slovensku.
Na minha lista:
| Autor principal: | |
|---|---|
| Formato: | Capítulo de Livro |
| Idioma: | eslovaco |
| Assuntos: | |
| Tags: |
Sem tags, seja o primeiro a adicionar uma tag!
|
MARC
| LEADER | 00000naa a2200000 4500 | ||
|---|---|---|---|
| 001 | 0179739 | ||
| 005 | 20231208124144.7 | ||
| 041 | 0 | |a slo | |
| 044 | |a SK | ||
| 245 | 1 | 0 | |a Povodne 2013 na strednom a východnom Slovensku |c Daniela Kyselová ... [et al.] |
| 520 | |a Analýza hydrometeorologických príčin vzniku a vývoja povodňových situácií v prvom polroku 2013 na strednom a východnom Slovensku. | ||
| 610 | 2 | 0 | |a povodne |
| 610 | 2 | 0 | |a Slovensko |
| 610 | 2 | 0 | |a 2013 |
| 100 | 1 | |a Kyselová, Daniela | |